000 00907nas a2200289 4500
001 BR2015007089
003 BR-BrBNA
005 20231205125954.0
007 ta
008 230509b bl.|||p| |||| 00| 00por d
040 _aBR-BrBNA
_bpor
_cBiblioteca Nacional de Agricultura
041 _a(En)
072 _aF61
100 1 _aBorges, V.P.
100 1 _aSilva, B.B. da
100 1 _aEspinola Sobrinho, J.
100 1 _aFerreira, R. da C.
100 1 _aOliveira, A.D. de
100 1 _aMedeiros, J.F. de
245 1 _aEnergy balance and evapotranspiration of melon grown with plastic mulch in the brazilian semiarid region
650 _aMELÃO
650 _aEVAPOTRANSPIRAÇÃO
650 _aBALANÇO DE ENERGIA
773 0 _tScientia Agricola (Brazil)
_xISSN 0103-9016
_g(Sep-Oct 2015), v. 72(5) p. 385-392
_wBR2015007089
909 _a202311
_bLúcia
_c55
_dLúcia Elande
942 _2AGRIS
_n0
_cANA
999 _c247203
_d247203